000 00495nam a2200157 i 4500
001 96719
003 ES-MaACL
005 20230906181950.0
007 t|
008 050630s1929 sp ||||1| spa d
100 1 _aMaluquer y Salvador, José.
_975885
245 1 0 _aGeografía Social de pueblos agrícolas /
_cconferencia del Excmo. Sr. José Maluquer y Salvador.
260 _aBarcelona :
_b[s.n.],
_c1929 (
_fGráficas E. de Osso)
300 _a46 p. ;
_c21 cm.
852 _aES-MaACL
_j1734-F-12
999 _c96719
_d96719